|
|
|
|
| LEADER |
00000cam a2200000 7i4500 |
| 001 |
0000006052 |
| 005 |
20151222.0 |
| 008 |
070814 |
| 020 |
|
|
|a 9832841402
|
| 090 |
0 |
0 |
|a SC
|b ENG
|
| 245 |
1 |
4 |
|a The world science :
|b 2
|
| 260 |
|
|
|a Selangor :
|b Early Learner Publication Sdn.Bhd ,
|c 2003
|
| 500 |
|
|
|a Children ages 10-12 years old (pink)
|
| 650 |
|
0 |
|a Science
|x Juvenile literature
|
| 999 |
|
|
|a 0000981693
|b Book
|c Children Collection
|e Cawangan Bandar Penawar
|
| 999 |
|
|
|a 0000981695
|b Book
|c Children Collection
|e Cawangan Mersing
|
| 999 |
|
|
|a 0000981696
|b Book
|c Children Collection
|e Cawangan Muar
|
| 999 |
|
|
|a 0000981697
|b Book
|c Children Collection
|e Cawangan Kota Tinggi
|
| 999 |
|
|
|a 0001140135
|b Book
|c Children Collection
|e Cawangan Segamat
|